Sectorización por niveles de riesgo para la carretera Braulio Carrillo (tramo Túnel Zurquí-Río Sucio) debido a la actividad hidrológica
Збережено в:
| Автор: | |
|---|---|
| Формат: | Книга |
| Опубліковано: |
San José, C.R.
1999
|
| Предмети: | |
| Теги: |
Додати тег
Немає тегів, Будьте першим, хто поставить тег для цього запису!
|
MARC
| LEADER | 00000nam a2200000Ia 4500 | ||
|---|---|---|---|
| 001 | 4101 | ||
| 003 | 010098 | ||
| 005 | 20221231144211.0 | ||
| 008 | 140114s1999 cr a m 000 ||s d | ||
| 040 | |c cru CEDI | ||
| 100 | |a Corrales Ureña, Freed Darío |9 8351 | ||
| 245 | |a Sectorización por niveles de riesgo para la carretera Braulio Carrillo (tramo Túnel Zurquí-Río Sucio) debido a la actividad hidrológica | ||
| 260 | |c 1999 |a San José, C.R. | ||
| 300 | |a 1 volumen (varias paginaciones) : ilustraciones a color (algunas plegables), mapas color (algunos plegables) | ||
| 500 | |a Proyecto de graduación (licienciatura en ingeniería civil)--Universidad de Costa Rica. Facultad de Ingeniería. Escuela de Ingeniería Civil | ||
| 650 | |x CARRETERA BRAULIO CARRILLO (COSTA RICA) |x CARRETERAS |x CUIDADO Y REPARACION |x COSTA RICA |x DESPRENDIMIENTOS DE TIERRAS |9 8352 | ||
| 942 | |c TFG | ||
| 999 | |c 18352 |d 18352 | ||
